All 1M Cities in 2000 Map Quiz - Statistics

General Stats
  • This quiz has been taken 492 times
    481 since last reset
  • The average score is 219 of 370
Answers on the Map
Answers color-coded by a green-red scale on the quiz's map according to % correct below.
 
Answer Stats
Pop (K) City % Correct
17,813 New York
94%
7,273 London
93%
11,798 Los Angeles
93%
18,457 Mexico City
93%
10,005 Moscow
93%
9,737 Paris
93%
34,450 Tokyo
93%
3,384 Berlin
92%
15,692 Delhi
92%
5,014 Madrid
92%
11,307 Rio de Janeiro
91%
3,708 Rome
91%
3,780 Sydney
91%
4,355 Barcelona
90%
13,626 Cairo
90%
2,672 Lisbon
90%
4,719 St. Petersburg
90%
8,744 Istanbul
89%
2,606 Kyiv
89%
4,933 Miami
89%
2,079 Baltimore
88%
10,285 Beijing
88%
8,315 Chicago
88%
1,516 Riverside
88%
2,720 Seattle
88%
14,247 Shanghai
88%
1,005 Amsterdam
87%
12,504 Buenos Aires
87%
1,019 Helsinki
87%
16,147 Mumbai
87%
18,660 Osaka
87%
1,541 San Jose
87%
9,879 Seoul
87%
1,666 Warsaw
87%
3,179 Athens
86%
1,783 Brussels
86%
2,785 Cape Town
86%
1,121 Depok
86%
3,847 Houston
86%
8,390 Jakarta
86%
2,345 Manchester
86%
2,985 Milan
86%
3,230 San Francisco
86%
17,014 São Paulo
86%
1,326 Tangerang
86%
4,607 Toronto
86%
3,949 Washington
86%
3,179 Ankara
85%
4,036 Boston
85%
1,787 Budapest
85%
7,294 Lima
85%
3,361 Melbourne
85%
1,700 Minsk
85%
2,232 Naples
85%
5,658 Santiago
85%
1,206 Stockholm
85%
7,128 Tehran
85%
1,549 Vienna
85%
6,395 Bangkok
84%
1,077 Copenhagen
84%
2,186 Havana
84%
3,046 Johannesburg
84%
2,932 Brasília
83%
1,949 Bucharest
83%
4,168 Dallas
83%
3,899 Detroit
83%
1,585 Glasgow
83%
1,710 Hamburg
83%
6,664 Hong Kong
83%
7,281 Lagos
83%
9,958 Manila
83%
1,202 Munich
83%
1,172 Prague
83%
1,128 Sofia
83%
1,959 Vancouver
83%
3,546 Alexandria
82%
3,522 Atlanta
82%
5,200 Baghdad
82%
2,371 Incheon
82%
1,407 Perth
82%
1,110 Auckland
81%
1,257 Belgrade
81%
10,285 Dhaka
81%
5,156 Philadelphia
81%
1,347 Sana'a
81%
1,769 Tunis
81%
6,329 Bogota
80%
13,097 Calcutta
79%
2,017 Damascus
79%
1,994 Denver
79%
1,326 Las Vegas
79%
1,254 Porto
79%
1,477 Rawalpindi
79%
2,681 San Diego
79%
3,914 Singapore
79%
2,141 Algiers
78%
2,285 Birmingham
78%
3,134 Casablanca
78%
1,446 Lyon
78%
1,476 Marseille
78%
3,429 Montreal
78%
1,357 Quito
78%
3,567 Riyadh
78%
1,129 Zurich
78%
2,377 Addis Ababa
77%
2,864 Caracas
77%
4,389 Ho Chi Minh City
77%
6,140 Kinshasa
77%
4,176 Kuala Lumpur
77%
1,055 Ottawa
77%
1,216 Panama City
77%
2,923 Phoenix
77%
2,642 Taipei
77%
1,806 Baku
76%
3,831 Foshan
76%
7,812 Guangzhou
76%
2,401 Kabul
76%
3,689 Taipei County
76%
1,700 Taoyuan
76%
9,825 Karachi
75%
2,777 Pyongyang
75%
2,739 Tel Aviv
75%
1,022 Tripoli
75%
1,087 Karaj
74%
1,415 La Paz
74%
1,009 New Orleans
74%
1,165 Orlando
74%
1,589 Portland
74%
6,638 Wuhan
74%
1,487 Beirut
73%
1,862 Dakar
73%
1,973 Guatemala City
73%
2,214 Nairobi
73%
1,507 Rabat
73%
1,032 San José
73%
2,071 Tampa
73%
1,694 Turin
73%
1,611 Brisbane
72%
1,660 Hanoi
72%
3,505 Khartoum
72%
1,600 Montevideo
72%
1,100 Tbilisi
72%
1,300 Kuwait City
71%
1,037 Odesa
71%
1,693 Port-au-Prince
71%
1,700 Asuncion
70%
3,724 Guadalajara
70%
1,168 Mecca
70%
1,401 Sacramento
70%
1,337 San Antonio
70%
1,997 Santo Domingo
70%
1,668 Accra
69%
1,017 Amman
69%
6,593 Chennai
69%
2,339 East Rand
69%
5,576 Lahore
69%
1,648 Leeds
69%
2,829 Luanda
69%
2,395 Minneapolis
69%
1,062 San Salvador
69%
3,788 Xi'an
69%
5,581 Bangalore
68%
2,272 Dar es Salaam
68%
8,740 Nagoya
68%
2,079 St. Louis
68%
1,122 Adelaide
67%
3,673 Busan
67%
1,786 Cleveland
67%
1,201 Mogadishu
67%
2,508 San Juan
67%
2,508 Sapporo
67%
1,111 Yerevan
67%
1,361 Antananarivo
66%
1,225 Indianapolis
66%
2,509 Jeddah
66%
3,405 Monterrey
66%
6,989 Tianjin
66%
4,807 Belo Horizonte
65%
2,044 Hiroshima
65%
1,210 | 5,650 Hyderabad
65%
2,216 Izmir
65%
1,365 Kansas City
65%
1,002 Lille
65%
2,733 Medellin
65%
1,149 Phnom Penh
65%
2,204 Aleppo
64%
7,863 Chongqing
64%
1,484 Kharkiv
64%
1,084 Pretoria
64%
1,026 Donetsk
63%
1,233 Kampala
63%
1,392 Manaus
63%
1,311 Milwaukee
63%
1,753 Pittsburgh
63%
3,205 Recife
63%
2,135 Tashkent
63%
3,573 Yangon
63%
4,815 Ahmedabad
62%
1,142 Bamako
62%
4,607 Chengdu
62%
1,506 Cincinnati
62%
2,625 Durban
62%
4,279 Nanjing
62%
1,365 Tijuana
62%
1,010 Volgograd
62%
1,061 Rostov-on-Don
61%
3,007 Abidjan
60%
1,022 Brazzaville
60%
1,139 Columbus
60%
2,891 Salvador
60%
1,073 Lusaka
59%
1,416 Xiamen
59%
1,160 Almaty
58%
1,379 Harare
58%
2,077 Guayaquil
57%
1,331 Nizhny Novgorod
57%
3,546 Porto Alegre
57%
3,667 Pune
57%
6,550 Shenzhen
57%
1,396 Virginia Beach
57%
1,351 Yaounde
57%
1,303 Yekaterinburg
57%
2,875 Fortaleza
56%
4,100 Harbin
56%
2,258 Jaipur
56%
2,602 Kano
56%
1,023 Lomé
56%
1,019 Maputo
56%
1,807 Urumqi
56%
1,724 Belem
55%
1,929 Cali
55%
3,308 Chittagong
55%
1,077 Dnipropetrovsk
55%
1,426 Novosibirsk
55%
1,096 Kazan
54%
1,192 Conakry
53%
5,421 Fukuoka
53%
1,136 Omsk
53%
3,570 Hangzhou
52%
2,285 Puebla
52%
2,706 Surat
52%
1,348 Cordoba
51%
1,056 Mosul
51%
2,611 Surabaya
51%
2,494 Curitiba
50%
2,236 Ibadan
50%
3,363 Qingdao
50%
1,049 Ufa
50%
1,223 Ciudad Juarez
49%
2,202 Lucknow
49%
1,175 Providence
49%
2,138 Bandung
48%
1,490 Douala
48%
1,358 Fushun
48%
1,014 Perm
48%
1,173 Samara
48%
4,737 Shenyang
48%
1,342 Agra
47%
1,382 Isfahan
47%
1,525 Maracaibo
47%
1,152 Rosario
46%
2,323 Daegu
45%
3,092 Dalian
45%
1,912 Medan
45%
1,049 Santa Cruz
45%
1,511 Barranquilla
44%
1,082 Chelyabinsk
44%
2,073 Mashhad
44%
2,182 Changsha
43%
2,654 Kunming
43%
2,930 Shantou
43%
2,438 Zhengzhou
43%
2,332 Campinas
42%
2,098 Faisalabad
42%
2,279 Fuzhou
42%
1,532 Hefei
42%
1,091 Port Harcourt
42%
1,590 Wenzhou
42%
1,180 Bursa
41%
1,152 Davao
40%
1,280 Leon
39%
2,095 Nagpur
39%
2,184 Sendai
39%
1,115 Shiraz
39%
1,635 Goiania
38%
1,187 Kumasi
38%
1,064 São Luís
38%
2,923 Jinan
37%
2,664 Kanpur
37%
1,089 Lubumbashi
37%
1,737 Nanning
37%
1,392 Valencia
37%
2,892 Changchun
36%
1,077 Makassar
36%
1,654 Patna
36%
1,264 Tabriz
36%
1,123 Adana
35%
1,488 Kaohsiung
35%
1,486 Indore
34%
1,849 Ningbo
34%
1,075 Peshawar
34%
1,428 Bhopal
33%
1,553 Toluca
33%
1,890 Lanzhou
32%
2,112 Suzhou
32%
1,873 Zibo
32%
3,633 Dongguan
31%
1,468 Santos
31%
2,502 Taiyuan
31%
1,435 Vitoria
31%
1,835 Wuxi
31%
1,562 Coimbatore
30%
1,354 Daejeon
30%
1,343 Gwangju
30%
1,399 Kochi
30%
1,459 Palembang
30%
2,591 Shijiazhuang
30%
1,011 Mbuji-Mayi
29%
1,427 Semarang
29%
1,204 Varanasi
29%
1,251 Multan
28%
1,860 Guiyang
27%
1,311 Jilin
27%
1,903 Nanchang
27%
1,209 Gujranwala
26%
1,005 Hohhot
24%
1,323 Visakhapatnam
24%
1,018 João Pessoa
23%
1,465 Vadodara
23%
1,367 Xuzhou
23%
1,384 Anshan
22%
1,368 Ludhiana
22%
1,211 Madurai
22%
1,406 Baotou
21%
1,028 Allahabad
20%
1,217 Shizuoka
20%
1,418 Tangshan
20%
1,217 Yantai
20%
1,003 Huizhou
18%
1,129 Linyi
18%
1,213 Luoyang
18%
1,004 Zhuhai
18%
1,698 Changzhou
17%
1,006 Nantong
17%
1,188 Qiqihar
17%
1,247 Khulna
16%
1,117 Nashik
16%
1,070 Baoding
15%
1,082 Daqing
15%
1,049 Huainan
15%
1,235 Weifang
15%
1,217 Yangzhou
15%
1,090 Kozhikode
14%
1,147 Meerut
14%
1,045 Thiruvananthapuram
14%
1,025 Vijayawada
14%
1,049 Datong
13%
1,084 Jamshedpur
13%
1,168 Liuzhou
13%
1,112 Jining
12%
1,375 Zhongshan
11%
1,058 Asansol
10%
1,083 Jabalpur
10%
1,077 Changwon
9%
1,048 Dhanbad
9%
1,042 Thrissur
8%
1,202 Xiangfan
8%
1,208 Kannur
7%
1,124 Shaoxing
6%
No matching quizzes found
Score Distribution
Percent of People with Each Score
Percentile by Number Answered
Your Score History
You have not taken this quiz since the last reset